<?xml version="1.0" encoding="UTF-8"?><?xml-stylesheet type="text/xsl" href="static/style.xsl"?><OAI-PMH xmlns="http://www.openarchives.org/OAI/2.0/" xmlns:xsi="http://www.w3.org/2001/XMLSchema-instance" xsi:schemaLocation="http://www.openarchives.org/OAI/2.0/ http://www.openarchives.org/OAI/2.0/OAI-PMH.xsd"><responseDate>2026-04-17T03:12:42Z</responseDate><request verb="GetRecord" identifier="oai:www.recercat.cat:2117/334180" metadataPrefix="marc">https://recercat.cat/oai/request</request><GetRecord><record><header><identifier>oai:recercat.cat:2117/334180</identifier><datestamp>2025-07-23T06:51:25Z</datestamp><setSpec>com_2072_1033</setSpec><setSpec>col_2072_452951</setSpec></header><metadata><record xmlns="http://www.loc.gov/MARC21/slim" xmlns:dcterms="http://purl.org/dc/terms/" xmlns:xsi="http://www.w3.org/2001/XMLSchema-instance" xmlns:doc="http://www.lyncode.com/xoai" xsi:schemaLocation="http://www.loc.gov/MARC21/slim http://www.loc.gov/standards/marcxml/schema/MARC21slim.xsd">
   <leader>00925njm 22002777a 4500</leader>
   <datafield ind2=" " ind1=" " tag="042">
      <subfield code="a">dc</subfield>
   </datafield>
   <datafield ind2=" " ind1=" " tag="720">
      <subfield code="a">López Ribes, Víctor</subfield>
      <subfield code="e">author</subfield>
   </datafield>
   <datafield ind2=" " ind1=" " tag="260">
      <subfield code="c">2020-10-26</subfield>
   </datafield>
   <datafield ind2=" " ind1=" " tag="520">
      <subfield code="a">[CASTELLÀ] Diseño y desarrollo del programa de PLC de una estación despaletizadora con el estándar OpCon Control Plus desarrollado por ATMO dentro de Robert Bosch. La estación está situada en la Línea 261 de la fábrica Robert Bosch en la población de Castellet i la Gornal, esta línea produce motores de limpiaparabrisas traseros del modelo ADO5. Esta es la primera estación que lleva este estándar dentro de esta fábrica. La estación tiene la funcionalidad de montar la tapa que cubre el motor del limpiaparabrisas. La memoria contempla la creación del proyecto desde cero, así que se incluyen diversas configuraciones del hardware utilizado, las diversas funciones de la estación y un breve resumen del HMI. También se han creado las secuencias necesarias para un funcionamiento óptimo de la estación, estas contemplan las cintas de entrada y salida de material, los tres servomotores, una mesa rotativa y una serie de pinzas para la sujeción del material en cada paso.</subfield>
   </datafield>
   <datafield ind2=" " ind1=" " tag="520">
      <subfield code="a">[ANGLÈS] Design and development of a PLC program of an unpallet station with the OpCon Control Plus standard developed by ATMO within Robert Bosch. The station is located on Line 261 of the Robert Bosch factory in the town of “Castellet i la Gornal”, this line produces rear wiper motors of the ADO5 model. This is the first station to carry this standard within this factory. The station has the functionality of assembling the cover that covers the wiper motor. The memory contemplates the creation of the project from scratch, so it includes various configurations of the hardware used, various functions of the station and a brief summary of the HMI. The necessary sequences have also been created for an optimal operation of the station, these include the material input and output conveyors, the three axis, a rotary table and a series of clamps to hold the material at each step.</subfield>
   </datafield>
   <datafield tag="653" ind2=" " ind1=" ">
      <subfield code="a">Àrees temàtiques de la UPC::Informàtica::Automàtica i control</subfield>
   </datafield>
   <datafield tag="653" ind2=" " ind1=" ">
      <subfield code="a">Àrees temàtiques de la UPC::Enginyeria mecànica::Processos de fabricació mecànica::Mecanització</subfield>
   </datafield>
   <datafield tag="653" ind2=" " ind1=" ">
      <subfield code="a">Programmable logic devices</subfield>
   </datafield>
   <datafield tag="653" ind2=" " ind1=" ">
      <subfield code="a">Intelligent control systems</subfield>
   </datafield>
   <datafield tag="653" ind2=" " ind1=" ">
      <subfield code="a">Automation</subfield>
   </datafield>
   <datafield tag="653" ind2=" " ind1=" ">
      <subfield code="a">Programación</subfield>
   </datafield>
   <datafield tag="653" ind2=" " ind1=" ">
      <subfield code="a">Estándar</subfield>
   </datafield>
   <datafield tag="653" ind2=" " ind1=" ">
      <subfield code="a">PLC</subfield>
   </datafield>
   <datafield tag="653" ind2=" " ind1=" ">
      <subfield code="a">HMI</subfield>
   </datafield>
   <datafield tag="653" ind2=" " ind1=" ">
      <subfield code="a">OpCon Control Plus</subfield>
   </datafield>
   <datafield tag="653" ind2=" " ind1=" ">
      <subfield code="a">Robert Bosch</subfield>
   </datafield>
   <datafield tag="653" ind2=" " ind1=" ">
      <subfield code="a">Automatització -- Aplicacions industrials</subfield>
   </datafield>
   <datafield tag="653" ind2=" " ind1=" ">
      <subfield code="a">Dispositius lògics programables</subfield>
   </datafield>
   <datafield tag="653" ind2=" " ind1=" ">
      <subfield code="a">Control intel·ligent</subfield>
   </datafield>
   <datafield tag="653" ind2=" " ind1=" ">
      <subfield code="a">AUTOMATITZACIO</subfield>
   </datafield>
   <datafield ind2="0" ind1="0" tag="245">
      <subfield code="a">Programación de una estación despaletizadora con el estándar OpCon Control Plus en Robert Bosch Castellet</subfield>
   </datafield>
</record></metadata></record></GetRecord></OAI-PMH>